Biggest Trading Partners - France - Statistics

General Stats
  • This quiz has been taken 191 times
  • The average score is 16 of 18
Answer Stats
exports imports country % Correct
86.7 bil 97.6 bil Germany
99%
47.5 bil 55.9 bil United States
99%
48.2 bil 54.3 bil Spain
98%
39.2 bil 28.2 bil United Kingdom
98%
27.0 bil 77.0 bil China
97%
56.7 bil 56.6 bil Italy
97%
51.6 bil 65.3 bil Belgium
94%
7.63 bil 9.73 bil India
93%
7.19 bil 10.6 bil Japan
93%
24.6 bil 33.8 bil Netherlands
92%
22.2 bil 18.5 bil Switzerland
91%
15.6 bil 17.6 bil Poland
89%
7.49 bil Portugal
89%
10.6 bil South Korea
81%
12.8 bil 12.2 bil Türkiye
81%
7.87 bil 11.3 bil Ireland
77%
10.3 bil Czechia
58%
10.6 bil Singapore
42%
No matching quizzes found
Score Distribution
Percent of People with Each Score
Percentile by Number Answered
Your Score History
You have not taken this quiz